[Event "Skalica op-B"]
[Site "Skalica"]
[Date "2023.08.25"]
[Round "7"]
[White "Perrin, Brent"]
[Black "Dejanovic, Tereza"]
[Result "1-0"]
[WhiteElo "1748"]
[BlackElo "1863"]
[PlyCount "153"]
[EventDate "2023.08.19"]
[EventType "swiss"]
[EventRounds "9"]
[EventCountry "SVK"]
[SourceTitle "CBM 215 Extra"]
[Source "ChessBase"]
[SourceDate "2023.09.30"]
[SourceVersion "1"]
[SourceVersionDate "2023.09.30"]
[SourceQuality "1"]

1. d4 d5 2. c4 e6 3. Nc3 Nf6 4. cxd5 exd5 5. Bg5 Be7 6. e3 c6 7. Bd3 Nbd7 8. Qc2 h6 9. Bh4 0-0 10. Nge2 b5 11. 0-0 a6 12. f3 c5 13. dxc5 Nxc5 14. Nd4 Nxd3 15. Qxd3 Qd6 16. Rfd1 Rd8 17. Rd2 g6 18. Rad1 Bb7 19. Nb3 b4 20. Ne2 Nd7 21. Bg3 Qb6 22. Bf2 Ne5 23. Qd4 Qxd4 24. Nbxd4 Nc4 25. Rc2 Rac8 26. b3 Nb6 27. Rdc1 Rxc2 28. Rxc2 Rc8 29. Bg3 Rxc2 30. Nxc2 Bc5 31. Ncd4 Nd7 32. Nc1 Nf8 33. Kf2 Ne6 34. Nd3 Bxd4 35. exd4 Nxd4 36. Nxb4 Nf5 37. Bc7 Kf8 38. g4 Nd4 39. Ke3 Ne6 40. Bb6 Ke7 41. Nc2 Kd6 42. Nd4 Nf8 43. b4 Nd7 44. Ba7 Nf6 45. Bb8+ Kd7 46. h4 Ke7 47. Bf4 Ng8 48. Nb3 Kd7 49. Kd4 Bc8 50. a4 h5 51. Nc5+ Kc6 52. Nd3 f6 53. g5 Bf5 54. gxf6 Nxf6 55. Ne5+ Kb6 56. Bg5 Nd7 57. Bd8+ Kb7 58. Nf7 Kc6 59. b5+ axb5 60. axb5+ Kxb5 61. Kxd5 Kb4 62. Nd6 Bc2 63. Ne4 Bb3+ 64. Kd6 Nb8 65. Bc7 Na6 66. Bb6 Bd1 67. Ng5 Kb5 68. Bf2 Nb4 69. Ke6 Bc2 70. Ne4 Nd3 71. Kf6 Nxf2 72. Nxf2 Bf5 73. Ne4 Kc6 74. Ng5 Kc5 75. Nf7 Kd4 76. Ne5 Ke3 77. Nxg6 1-0

[Event "Skalica op-B"]
[Site "Skalica"]
[Date "2023.08.22"]
[Round "4"]
[White "Smidova, Michaela"]
[Black "Perrin, Brent"]
[Result "0-1"]
[WhiteElo "1650"]
[BlackElo "1748"]
[PlyCount "54"]
[EventDate "2023.08.19"]
[EventType "swiss"]
[EventRounds "9"]
[EventCountry "SVK"]
[SourceTitle "CBM 215 Extra"]
[Source "ChessBase"]
[SourceDate "2023.09.30"]
[SourceVersion "1"]
[SourceVersionDate "2023.09.30"]
[SourceQuality "1"]

1. Nf3 f5 2. d3 Nc6 3. e4 e5 4. Nc3 Nf6 5. Bg5 Bb4 6. Be2 0-0 7. 0-0 Bxc3 8. bxc3 fxe4 9. dxe4 d6 10. Bc4+ Kh8 11. Nh4 Qe8 12. Bxf6 Rxf6 13. Nf5 Bxf5 14. exf5 Rxf5 15. Qd5 Nd8 16. f4 Rxf4 17. Rxf4 exf4 18. Rf1 Qe3+ 19. Kh1 Nc6 20. Bb3 Rf8 21. c4 Qe5 22. Qd3 Rf6 23. g3 fxg3 24. Rxf6 Qxf6 25. hxg3 Ne5 26. Qe2 Qf3+ 27. Qxf3 Nxf3 0-1

[Event "Bamberg op-B 5th"]
[Site "Bamberg"]
[Date "2023.07.27"]
[Round "2"]
[White "Perrin, Brent"]
[Black "Kroener, Marco Alexander"]
[Result "1-0"]
[WhiteElo "1748"]
[BlackElo "1535"]
[PlyCount "43"]
[EventDate "2023.07.26"]
[EventType "swiss"]
[EventRounds "7"]
[EventCountry "GER"]
[SourceTitle "CBM 215 Extra"]
[Source "ChessBase"]
[SourceDate "2023.09.30"]
[SourceVersion "1"]
[SourceVersionDate "2023.09.30"]
[SourceQuality "1"]

1. e4 e5 2. Nf3 Nf6 3. d3 Nc6 4. g3 d5 5. exd5 Nxd5 6. Bg2 Bg4 7. c3 Qd7 8. 0-0 0-0-0 9. b4 Nxc3 10. Nxc3 Bxb4 11. Qb3 Be6 12. Qc2 Qxd3 13. Qxd3 Rxd3 14. Na4 Rhd8 15. Be3 b6 16. Nb2 R3d6 17. Ng5 Nd4 18. Nxe6 Nxe6 19. Nc4 R6d7 20. Nxe5 Bc3 21. Nxd7 Bxa1 22. Nxb6+ 1-0

[Event "NZL-ch rapid op 130th"]
[Site "Wellington"]
[Date "2023.01.05"]
[Round "7"]
[White "Cummings, Nick"]
[Black "Perrin, Brent"]
[Result "1/2-1/2"]
[WhiteElo "1995"]
[BlackElo "1744"]
[PlyCount "104"]
[EventDate "2023.01.04"]
[EventType "swiss (rapid)"]
[EventRounds "9"]
[EventCountry "NZL"]
[SourceTitle "CBM 212 Extra"]
[Source "ChessBase"]
[SourceDate "2023.03.31"]
[SourceVersion "1"]
[SourceVersionDate "2023.03.31"]
[SourceQuality "1"]

1. Nf3 f5 2. d3 Nf6 3. e4 d6 4. Nc3 e5 5. exf5 Bxf5 6. Qe2 Be7 7. d4 e4 8. Ng5 0-0 9. Ngxe4 Nc6 10. Nxf6+ Bxf6 11. Be3 a5 12. a3 Qd7 13. Qd2 Rae8 14. Be2 d5 15. 0-0 Re6 16. Bf3 Ne7 17. Ne2 Ra6 18. Rac1 Bg4 19. Bxg4 Qxg4 20. Ng3 h5 21. Qe2 Qxe2 22. Nxe2 Nf5 23. c3 g6 24. Nf4 Nxe3 25. fxe3 Bg5 26. Rce1 Rd6 27. g3 c6 28. Kg2 Kg7 29. Rf3 Re8 30. Nd3 Rde6 31. Kf2 b6 32. Ne5 b5 33. Nd3 Bf6 34. Nc5 R6e7 35. Ke2 g5 36. Kd3 g4 37. Rf2 Kg6 38. e4 dxe4+ 39. Rxe4 Bg5 40. Rfe2 Rxe4 41. Rxe4 Rxe4 42. Nxe4 Bc1 43. Kc2 Be3 44. Kd3 Bg1 45. Ke2 Bxh2 46. Kf2 h4 47. Kg2 hxg3 48. Nc5 Kf5 49. Nb7 a4 50. Nd8 c5 51. dxc5 Ke5 52. Nb7 Kd5 1/2-1/2

[Event "Wellington op"]
[Site "Wellington"]
[Date "2022.04.16"]
[Round "4"]
[White "Perrin, Brent"]
[Black "Gunawan, Geoffrey"]
[Result "0-1"]
[WhiteElo "1766"]
[BlackElo "1497"]
[PlyCount "92"]
[EventDate "2022.04.15"]
[EventType "swiss"]
[EventRounds "6"]
[EventCountry "NZL"]
[SourceTitle "EXT 2024"]
[Source "ChessBase"]
[SourceDate "2023.10.10"]
[SourceVersion "1"]
[SourceVersionDate "2023.10.10"]
[SourceQuality "1"]

1. e4 c6 2. d4 d5 3. f3 c5 4. Nc3 e6 5. Be3 Qb6 6. exd5 Qxb2 7. Nb5 Na6 8. dxc5 exd5 9. Bd4 Qb4+ 10. c3 Qa5 11. Nd6+ Bxd6 12. cxd6 Nf6 13. Bxf6 gxf6 14. Qd4 Be6 15. Qxf6 Kd7 16. Bxa6 bxa6 17. Qe7+ Kc6 18. Ne2 Qd8 19. Nd4+ Kc5 20. Qb7 Qb6 21. Qc7+ Qxc7 22. dxc7 Kd6 23. Kd2 Kxc7 24. Rab1 Rab8 25. Ke3 Kd6 26. Rhe1 Rhe8 27. Kd3 h5 28. Rxb8 Rxb8 29. Nb3 h4 30. Kd4 Rg8 31. Re2 Rc8 32. Nd2 Rb8 33. Nf1 Rb1 34. Ne3 f5 35. h3 f4 36. c4 fxe3 37. cxd5 Rd1+ 38. Kxe3 Rxd5 39. Kf4 Rf5+ 40. Ke3 Re5+ 41. Kf2 Rxe2+ 42. Kxe2 Bxa2 43. Kf2 a5 44. g3 hxg3+ 45. Kxg3 a4 46. Kf2 a3 0-1

[Event "NZL-ch Rapid 129th"]
[Site "Christchurch"]
[Date "2022.01.12"]
[Round "6"]
[White "Ker, Anthony F"]
[Black "Perrin, Brent"]
[Result "1-0"]
[WhiteElo "2303"]
[BlackElo "1796"]
[PlyCount "89"]
[EventDate "2022.01.11"]
[EventType "swiss (rapid)"]
[EventRounds "9"]
[EventCountry "NZL"]
[SourceTitle "CBM 206 Extra"]
[Source "ChessBase"]
[SourceDate "2022.03.31"]
[SourceVersion "1"]
[SourceVersionDate "2022.03.31"]
[SourceQuality "1"]

1. e4 d5 2. exd5 Qxd5 3. Nc3 Qd8 4. d4 Nf6 5. Bg5 h6 6. Bxf6 exf6 7. Bc4 Bb4 8. Nge2 0-0 9. 0-0 Bg4 10. Qd3 Nc6 11. Rad1 Re8 12. f3 Be6 13. d5 Ne5 14. Qe4 Bd7 15. Bb3 Bd6 16. Qh4 Ng6 17. Qf2 Qe7 18. Ne4 Bb4 19. Kh1 Rad8 20. Qxa7 Bb5 21. c4 Ba6 22. Qd4 Ne5 23. N2g3 c5 24. d6 cxd4 25. dxe7 Bxe7 26. Nf5 Nxc4 27. Rxd4 Rxd4 28. Nxd4 Nxb2 29. Rb1 Nd3 30. Nf5 Bf8 31. Nxh6+ Kh7 32. Nxf7 f5 33. Ned6 Re2 34. h4 Nf4 35. Ng5+ Kg6 36. Bf7+ Kf6 37. Rb6 Ke5 38. Bc4 Re1+ 39. Kh2 Kd4 40. Bxa6 bxa6 41. Nxf5+ Kc5 42. Rxa6 Re2 43. Ra4 Rxg2+ 44. Kh1 Rf2 45. Rxf4 1-0

[Event "NZL-ch Rapid 129th"]
[Site "Christchurch"]
[Date "2022.01.12"]
[Round "8"]
[White "Liu, William Rui"]
[Black "Perrin, Brent"]
[Result "1/2-1/2"]
[WhiteElo "1398"]
[BlackElo "1796"]
[PlyCount "79"]
[EventDate "2022.01.11"]
[EventType "swiss (rapid)"]
[EventRounds "9"]
[EventCountry "NZL"]
[SourceTitle "CBM 206 Extra"]
[Source "ChessBase"]
[SourceDate "2022.03.31"]
[SourceVersion "1"]
[SourceVersionDate "2022.03.31"]
[SourceQuality "1"]

1. e4 e6 2. d4 d5 3. Nd2 Nf6 4. e5 Nfd7 5. Bd3 c5 6. c3 Nc6 7. Ne2 cxd4 8. cxd4 f6 9. exf6 Nxf6 10. Nf3 Bd6 11. Bg5 0-0 12. 0-0 Bd7 13. Rc1 Be8 14. Qc2 Nb4 15. Qb1 Nxd3 16. Qxd3 Bg6 17. Qb3 Qd7 18. Nf4 Bxf4 19. Bxf4 Rac8 20. Ne5 Qe7 21. Nxg6 hxg6 22. Rxc8 Rxc8 23. Rc1 Rxc1+ 24. Bxc1 Ne4 25. Bf4 g5 26. Be5 Nd2 27. Qc2 Nc4 28. Qe2 Qb4 29. Bb8 a6 30. Qxe6+ Kh7 31. Qf5+ Kg8 32. Qxd5+ Kh7 33. Qe4+ Kh8 34. h3 Qxb2 35. Qe8+ Kh7 36. Qh5+ Kg8 37. Qxg5 Qxd4 38. Qf4 Qd1+ 39. Kh2 Nd2 40. g3 1/2-1/2

[Event "NZL-ch Major op"]
[Site "Christchurch"]
[Date "2022.01.08"]
[Round "7"]
[White "Wang, Justin Zhide"]
[Black "Perrin, Brent"]
[Result "0-1"]
[WhiteElo "1459"]
[BlackElo "1796"]
[PlyCount "80"]
[EventDate "2022.01.02"]
[EventType "swiss"]
[EventRounds "9"]
[EventCountry "NZL"]
[SourceTitle "EXT 2024"]
[Source "ChessBase"]
[SourceDate "2023.10.10"]
[SourceVersion "1"]
[SourceVersionDate "2023.10.10"]
[SourceQuality "1"]

1. e4 d5 2. exd5 Qxd5 3. Nc3 Qd8 4. d4 Nf6 5. Bc4 a6 6. a4 Nc6 7. Nge2 Bf5 8. Be3 e6 9. Qd2 Bb4 10. f3 Qe7 11. Bb3 0-0-0 12. 0-0-0 Na5 13. Ba2 Nd5 14. Kb1 Nb6 15. Qc1 Nac4 16. Rhe1 Na3+ 17. bxa3 Bxa3 18. Nd5 Nxd5 19. Qd2 Bb4 20. Qc1 Bxe1 21. Rxe1 Nxe3 22. Bb3 Qb4 23. Ka2 Nd5 24. c3 Qa5 25. Kb2 Nb6 26. Qd1 c5 27. Ng3 Bg6 28. Re5 Nd7 29. Rg5 h6 30. Rg4 Ne5 31. Rh4 c4 32. Bc2 Bxc2 33. Qxc2 Nd3+ 34. Ka3 Rd6 35. Rh5 g5 36. h4 Rb6 37. hxg5 Rb3+ 38. Qxb3 cxb3 39. Kxb3 Qb6+ 40. Kc4 Nb2# 0-1

[Event "NZL-ch Major op"]
[Site "Christchurch"]
[Date "2022.01.04"]
[Round "3"]
[White "Liu, William Rui"]
[Black "Perrin, Brent"]
[Result "0-1"]
[WhiteElo "1398"]
[BlackElo "1796"]
[PlyCount "62"]
[EventDate "2022.01.02"]
[EventType "swiss"]
[EventRounds "9"]
[EventCountry "NZL"]
[SourceTitle "EXT 2024"]
[Source "ChessBase"]
[SourceDate "2023.10.10"]
[SourceVersion "1"]
[SourceVersionDate "2023.10.10"]
[SourceQuality "1"]

1. e4 g6 2. d4 Bg7 3. Nc3 d6 4. Be3 a6 5. Qd2 b5 6. a3 Bb7 7. 0-0-0 Nf6 8. g3 Nbd7 9. Bd3 Rc8 10. Kb1 c5 11. d5 b4 12. axb4 cxb4 13. Nce2 a5 14. Nd4 0-0 15. h4 Ne5 16. Bh6 Qb6 17. Nge2 a4 18. h5 b3 19. c3 Nxd3 20. Bxg7 Kxg7 21. hxg6 fxg6 22. Qh6+ Kg8 23. Ne6 Rf7 24. Rxd3 Ba6 25. Rd2 Bxe2 26. Rxe2 a3 27. Ng5 Qa6 28. c4 Qxc4 29. Nxh7 Rxh7 30. Qxg6+ Kh8 31. Rxh7+ Nxh7 0-1

[Event "South Island-ch"]
[Site "Christchurch"]
[Date "2021.10.14"]
[Round "4"]
[White "Membrere, Briene"]
[Black "Perrin, Brent"]
[Result "1/2-1/2"]
[WhiteElo "1717"]
[BlackElo "1790"]
[PlyCount "67"]
[EventDate "2021.10.13"]
[EventType "tourn"]
[EventRounds "7"]
[EventCountry "NZL"]
[SourceTitle "EXT 2024"]
[Source "ChessBase"]
[SourceDate "2023.10.10"]
[SourceVersion "1"]
[SourceVersionDate "2023.10.10"]
[SourceQuality "1"]

1. e4 e6 2. d4 d5 3. Nc3 Nf6 4. Bg5 Be7 5. e5 Nfd7 6. Bxe7 Qxe7 7. f4 a6 8. Nf3 c5 9. Bd3 Nc6 10. 0-0 cxd4 11. Ne2 Nc5 12. Nexd4 Nxd3 13. Qxd3 Bd7 14. a4 g6 15. c3 0-0 16. Qe3 Nxd4 17. Nxd4 Qc5 18. Nc2 Qxe3+ 19. Nxe3 Rfc8 20. Ng4 Be8 21. Rf3 Rc7 22. Rh3 Kg7 23. Nf6 h6 24. Ng4 Rc4 25. Rf1 h5 26. Nf6 Bxa4 27. g4 Bc2 28. gxh5 Rh8 29. Rff3 Bf5 30. Rh4 b5 31. Rg3 b4 32. h6+ Rxh6 33. Ne8+ Kh7 34. Nf6+ 1/2-1/2

[Event "North Island-ch"]
[Site "Wellington"]
[Date "2021.04.05"]
[Round "8"]
[White "Adair, Danny"]
[Black "Perrin, Brent"]
[Result "0-1"]
[WhiteElo "2026"]
[BlackElo "1782"]
[PlyCount "78"]
[EventDate "2021.04.02"]
[EventType "swiss"]
[EventRounds "8"]
[EventCountry "NZL"]
[SourceTitle "EXT 2024"]
[Source "ChessBase"]
[SourceDate "2023.10.10"]
[SourceVersion "1"]
[SourceVersionDate "2023.10.10"]
[SourceQuality "1"]

1. e4 e6 2. d4 d5 3. Nc3 Bb4 4. exd5 exd5 5. Nf3 Ne7 6. Bd3 0-0 7. Bg5 f6 8. Bf4 c6 9. h3 Bf5 10. a3 Bd6 11. Bxd6 Qxd6 12. 0-0 Nd7 13. Ne2 Rae8 14. b3 Be4 15. Ng3 f5 16. c4 Ng6 17. c5 Qf4 18. Be2 Qh6 19. Nh2 f4 20. Nxe4 dxe4 21. Ng4 Qg5 22. Bc4+ Kh8 23. Nh2 f3 24. g3 Qh5 25. Re1 Qxh3 26. Bf1 Qf5 27. Qd2 Nf6 28. Rad1 Nd5 29. g4 Qf6 30. b4 e3 31. Rxe3 Nxe3 32. fxe3 f2+ 33. Kh1 Qh4 34. Bg2 Qg3 35. Nf1 Qxg4 36. Nh2 Qh5 37. d5 Rd8 38. e4 Ne5 39. Qe3 Qxd1+ 0-1

[Event "South Island-ch"]
[Site "Dunedin"]
[Date "2020.10.07"]
[Round "5"]
[White "Sarfas, Edward"]
[Black "Perrin, Brent"]
[Result "0-1"]
[WhiteElo "1807"]
[BlackElo "1826"]
[PlyCount "90"]
[EventDate "2020.10.03"]
[EventType "swiss"]
[EventRounds "7"]
[EventCountry "NZL"]
[SourceTitle "EXT 2024"]
[Source "ChessBase"]
[SourceDate "2023.10.10"]
[SourceVersion "1"]
[SourceVersionDate "2023.10.10"]
[SourceQuality "1"]

1. e4 e6 2. d4 d5 3. e5 c5 4. c3 Ne7 5. f4 Nd7 6. Nf3 Nc6 7. Be3 a5 8. Nbd2 a4 9. b3 cxd4 10. cxd4 Nb6 11. Bb5 Bd7 12. bxa4 Nb4 13. 0-0 Nxa4 14. Bxd7+ Qxd7 15. Qb3 Be7 16. Ng5 0-0 17. a3 Nc6 18. Rf3 h6 19. Nh3 Na5 20. Qd3 Nb2 21. Qb1 Nbc4 22. Nxc4 Nxc4 23. Bc1 Qa4 24. Qb3 b5 25. Rb1 Rfb8 26. Qd3 Bxa3 27. f5 Bxc1 28. Rxc1 Qa3 29. Qxa3 Rxa3 30. fxe6 Rxf3 31. gxf3 fxe6 32. Nf4 Kf7 33. Kf2 b4 34. Ke2 b3 35. Rb1 b2 36. Nd3 Kg6 37. h3 Ra8 38. Rg1+ Kf7 39. Nxb2 Ra2 40. f4 Rxb2+ 41. Kf3 Rb3+ 42. Kg4 Ne3+ 43. Kh4 Nf5+ 44. Kg4 Nxd4 45. Rc1 Rg3+ 0-1

[Event "South Island-ch"]
[Site "Dunedin"]
[Date "2020.10.06"]
[Round "4"]
[White "Perrin, Brent"]
[Black "Zhang, Kendrick Botong"]
[Result "1/2-1/2"]
[WhiteElo "1826"]
[BlackElo "1574"]
[PlyCount "68"]
[EventDate "2020.10.03"]
[EventType "swiss"]
[EventRounds "7"]
[EventCountry "NZL"]
[SourceTitle "EXT 2024"]
[Source "ChessBase"]
[SourceDate "2023.10.10"]
[SourceVersion "1"]
[SourceVersionDate "2023.10.10"]
[SourceQuality "1"]

1. e4 d5 2. exd5 Qxd5 3. Nc3 Qd8 4. Bc4 Nf6 5. d3 a6 6. Nf3 b5 7. Bb3 Bb7 8. 0-0 Nbd7 9. a4 b4 10. Nb1 a5 11. Re1 e6 12. Nbd2 Be7 13. Nc4 0-0 14. Nce5 Nxe5 15. Nxe5 Nd7 16. Nxf7 Rxf7 17. Bxe6 Nf6 18. Bg5 Bd5 19. Bxf7+ Bxf7 20. Qf3 Bd5 21. Qf5 Bf7 22. Re2 Nd5 23. Bxe7 Nxe7 24. Qg5 Nc6 25. Qc5 Qd7 26. Rae1 Rd8 27. h3 Bd5 28. c3 bxc3 29. bxc3 Rf8 30. c4 Bf7 31. d4 Nxd4 32. Re7 Nb3 33. Qa3 Qd3 34. R7e3 Qxc4 1/2-1/2

[Event "South Island-ch"]
[Site "Dunedin"]
[Date "2020.10.03"]
[Round "1"]
[White "Rains, Edward"]
[Black "Perrin, Brent"]
[Result "1-0"]
[WhiteElo "2006"]
[BlackElo "1826"]
[PlyCount "57"]
[EventDate "2020.10.03"]
[EventType "swiss"]
[EventRounds "7"]
[EventCountry "NZL"]
[SourceTitle "EXT 2024"]
[Source "ChessBase"]
[SourceDate "2023.10.10"]
[SourceVersion "1"]
[SourceVersionDate "2023.10.10"]
[SourceQuality "1"]

1. e4 e6 2. d4 d5 3. Nd2 Nf6 4. e5 Nfd7 5. c3 c5 6. Bd3 Nc6 7. Ne2 Be7 8. 0-0 0-0 9. Nf3 cxd4 10. cxd4 f6 11. Nf4 Ndxe5 12. dxe5 fxe5 13. Nh3 e4 14. Nfg5 exd3 15. Qxd3 g6 16. Qe3 d4 17. Qe4 e5 18. Qh4 h5 19. Qg3 Kg7 20. f4 Bxh3 21. Nxh3 e4 22. f5 Qd6 23. Bf4 Qf6 24. Bg5 Qd6 25. f6+ Kg8 26. Qb3+ Kh7 27. fxe7 Nxe7 28. Rf7+ Rxf7 29. Qxf7+ 1-0

[Event "NZL-ch Major op"]
[Site "Tauranga"]
[Date "2020.01.14"]
[Round "1"]
[White "Perrin, Brent"]
[Black "McDougall, Sylvia"]
[Result "1-0"]
[WhiteElo "1804"]
[BlackElo "1276"]
[PlyCount "71"]
[EventDate "2020.01.14"]
[EventType "swiss"]
[EventRounds "9"]
[EventCountry "NZL"]
[SourceTitle "EXT 2021"]
[Source "ChessBase"]
[SourceDate "2020.10.23"]
[SourceVersion "1"]
[SourceVersionDate "2020.10.23"]
[SourceQuality "1"]

1. e4 e5 2. Nf3 Nc6 3. Bb5 d6 4. 0-0 Nf6 5. Re1 Bd7 6. c3 a6 7. Ba4 g6 8. d4 exd4 9. cxd4 Bg7 10. e5 dxe5 11. dxe5 Ng4 12. Bg5 Qc8 13. Nc3 0-0 14. Nd5 b5 15. Bb3 Re8 16. Rc1 Ngxe5 17. Nxe5 Bxe5 18. Rxe5 Rxe5 19. Nf6+ Kg7 20. Nxd7 Rxg5 21. Rxc6 Qb7 22. Qf3 Rf5 23. Rxg6+ hxg6 24. Qxb7 Rd8 25. Qxc7 Re8 26. Qc3+ f6 27. Kf1 Re7 28. Nb6 Rh5 29. Nd5 Ree5 30. Qc7+ Kh6 31. Nxf6 Rhf5 32. Ng4+ Kg5 33. Nxe5 a5 34. Qe7+ Kf4 35. Nxg6+ Kg4 36. Qh4# 1-0